| 000 | 00897nam a2200265Ia 4500 | ||
|---|---|---|---|
| 003 | OSt | ||
| 005 | 20221005110431.0 | ||
| 006 | a|||||r|||| 00| 0 | ||
| 007 | ta | ||
| 008 | 221004b |||||||| |||| 00| 0 hin d | ||
| 020 |
_a8170163137 (hbk) _c150 |
||
| 024 | _a4794 | ||
| 037 |
_b12957, 18/03/2011, Kitab Ghar _cTextual |
||
| 040 |
_aCRL _cCRL _bhin |
||
| 041 |
_2hin _ahin |
||
| 082 | _aO152,6N37x, N6 | ||
| 100 | _aकाशीनाथ सिंह | ||
| 245 | 0 | _aआलोचना भी रचना है | |
| 246 | _aĀlochanā bhī rachanā hai | ||
| 260 |
_aनई दिल्ली _bकिताबघर भारत _c1996 |
||
| 300 |
_a192पृ0 _ccm. |
||
| 650 | _aहिन्दी साहित्य | ||
| 942 |
_hO152,6N37x, N6 _cTEXL _2cc |
||
| 999 |
_c1018792 _d1018792 |
||